Organizational Behavior (Record no. 9373)
[ view plain ]
| 000 -LEADER | |
|---|---|
| fixed length control field | 00243nam a2200109Ia 4500 |
| 020 ## - INTERNATIONAL STANDARD BOOK NUMBER | |
| ISBN | 978-0078029363 |
| 100 ## - MAIN ENTRY--AUTHOR NAME | |
| Personal name | Robert Kreitner |
| 245 #0 - TITLE STATEMENT | |
| Title | Organizational Behavior |
| 260 ## - PUBLICATION, DISTRIBUTION, ETC. (IMPRINT) | |
| Place of publication | New York |
| Name of publisher | McGraw Hill |
| Year of publication | 1996 |
| 300 ## - PHYSICAL DESCRIPTION | |
| Number of Pages | 263 |
| 942 ## - ADDED ENTRY ELEMENTS (KOHA) | |
| Koha item type | Books |
| Withdrawn status | Lost status | Permanent Location | Current Location | Date acquired | Full call number | Accession Number | Koha item type |
|---|---|---|---|---|---|---|---|
| | | MAJU | MAJU | 2019-09-14 | 658.8 | 5036 | Books |